[Event "Moscow ol (Men)"]
[Site "Moscow"]
[Date "1994.??.??"]
[Round "5"]
[White "Lalic, Bogdan"]
[Black "Stanec, Nikolaus"]
[Result "1/2-1/2"]
[WhiteElo "2530"]
[BlackElo "2450"]

1.d4 Nf6 2.c4 g6 3.Nc3 Bg7 4.e4 d6 5.Nf3 O-O 6.Be2 e5 7.O-O Nc6 8.d5 Ne7
9.Nd2 a5 10.a3 Nd7 11.Rb1 f5 12.b4 Kh8 13.Qc2 Ng8 14.f3 Ngf6 15.Bd3 f4 16.Be2 Rg8
17.Na4 axb4 18.axb4 g5 19.c5 g4 20.fxg4 Bf8 21.c6 bxc6 22.dxc6 Nb6 23.Nxb6 cxb6
24.b5 Ra7 25.g5 Rxg5 26.Nf3  1/2-1/2

[Event "Moscow op"]
[Site "Moscow"]
[Date "1994.??.??"]
[Round "6"]
[White "Rychagov, Andrei"]
[Black "Iskusnyh, Sergei"]
[Result "0-1"]
[WhiteElo "2295"]
[BlackElo "2425"]

1.d4 Nf6 2.c4 g6 3.Nc3 Bg7 4.e4 d6 5.Nf3 O-O 6.Be2 e5 7.O-O Nc6 8.d5 Ne7
9.Nd2 a5 10.a3 Nd7 11.Rb1 f5 12.b4 Kh8 13.Qc2 Ng8 14.f3 Ngf6 15.Bd3 f4 16.Be2 h5
17.c5 dxc5 18.bxc5 Nxc5 19.Nb5 Nfd7 20.Nb3 b6 21.Rd1 Nxb3 22.Rxb3 Nc5 23.Rc3 Bd7
24.a4 Rf6 25.Ba3 Bf8 26.Kh1 g5 27.Rc1 g4 28.Bxc5 Bxc5 29.Qb2 Bxb5 30.Qxb5 Rg6
31.Qd3 Qd7 32.Qd1 Rag8 33.Bb5 Qg7 34.R1c2 Qe7 35.Bf1 Qh4 36.Bb5 Bf2 37.Qf1 g3
38.h3 Qxh3+ 39.gxh3 g2+ 40.Qxg2 Rxg2 41.Rc1 Be3 42.R3c2 R2g3 43.Rf1 R8g7
44.Ba6 Rxh3+ 45.Rh2 Rgg3 46.Rxh3 Rxh3+ 47.Kg2 Rg3+ 48.Kh2 Kg7 49.Be2 Kf6
50.Bb5 h4 51.Bd7 Ke7 52.Bg4 Kd6 53.Rb1 Kc5 54.Rb2 Bg1+ 55.Kh1 Kd6 56.Rc2 Bc5
57.Kh2 h3 58.Rc3 b5 59.axb5 a4 60.Rc4 a3 61.Ra4 Rg2+ 62.Kxh3 Rf2 63.Ra6+ Ke7
64.Be6 Rxf3+ 65.Kg4 Rg3+ 66.Kh4 Re3 67.Rc6 Bd6 68.Ra6 Rb3 69.Ra5 Kf6 70.Kg4 Kg6
71.Ra8 Rg3+  0-1

[Event "Moscow ol (Men)"]
[Site "Moscow"]
[Date "1994.??.??"]
[Round "6"]
[White "Lputian, Smbat G"]
[Black "Curcan, S."]
[Result "1/2-1/2"]
[WhiteElo "2590"]
[BlackElo "2205"]

1.d4 Nf6 2.c4 g6 3.Nc3 Bg7 4.e4 d6 5.Nf3 O-O 6.Be2 e5 7.O-O Nc6 8.d5 Ne7
9.Nd2 Ne8 10.b4 f5 11.c5 Kh8 12.f3 f4 13.Nc4 h5 14.a4 g5 15.a5 Ng8 16.Ba3 Nh6
17.b5 g4 18.fxg4 hxg4 19.g3 f3 20.Bd3 Nf7 21.c6 Ng5 22.Bc1 bxc6 23.bxc6 Ba6
24.Ne3 Bxd3 25.Qxd3 Nh3+ 26.Kh1 Qg5 27.Rb1 Qh5 28.Nf5 Bf6 29.Bh6 Rf7 30.a6 Rh7
31.Qd2 Bg7 32.Nxg7 Nxg7 33.Be3 Qg6 34.Rb7 Nh5 35.Qe1 f2  1/2-1/2

[Event "Moscow ol (Women)"]
[Site "Moscow"]
[Date "1994.??.??"]
[Round "7"]
[White "Belakovskaia, Anjelina"]
[Black "Batceceg, Cagaan"]
[Result "1/2-1/2"]
[WhiteElo "2320"]
[BlackElo "2205"]

1.d4 Nf6 2.c4 g6 3.Nc3 Bg7 4.e4 d6 5.Be2 O-O 6.Nf3 e5 7.O-O Nc6 8.d5 Ne7
9.Ne1 Ne8 10.Be3 f5 11.f3 f4 12.Bf2 h5 13.a4 g5 14.a5 Rf6 15.c5 Rg6 16.Nd3 g4
17.Qe1 Bf6 18.b4 Rg7 19.Nb5 Ng6 20.cxd6 Bh4 21.Bxh4 Nxh4 22.fxg4 cxd6 23.g3 Bxg4
24.Bxg4 Rxg4 25.Kh1 fxg3 26.hxg3 Qg5 27.Kh2 Ng6 28.Rf5 Qh6 29.Nf2 Ne7 30.Rf3 a6
31.Na3 Rc8 32.Qe3 Qxe3 33.Rxe3 Nf6 34.Ra2 Rg7 35.Rc2 Rf8 36.b5 Ng6 37.b6 h4
38.Nc4 Rc8 39.Rec3 hxg3+ 40.Rxg3 Nf4 41.Ne3 Rxc2 42.Rxg7+ Kxg7 43.Nxc2 Kf7
44.Kg3 Nd7 45.Ne3 Ne2+ 46.Kf3 Nd4+ 47.Kg2 Nc5 48.Nc4 Ke7 49.Kg3 Ne2+ 50.Kf3 Nc3
51.Nd2 Kd7 52.Nh1 N5xe4 53.Nxe4 Nxd5 54.Nhf2 Nb4 55.Nd2 Kc6 56.Ke4 Kb5 57.Nd1 d5+
58.Kxe5 Kxa5 59.Nc3 Kxb6 60.Nxd5+ Nxd5 61.Kxd5 Kb5 62.Kd4 Kb4 63.Kd3 b5  1/2-1/2

[Event "Moscow ol (Men)"]
[Site "Moscow"]
[Date "1994.??.??"]
[Round "9"]
[White "Lputian, Smbat G"]
[Black "Donguines, Fernie"]
[Result "1-0"]
[WhiteElo "2590"]
[BlackElo "2380"]

1.d4 g6 2.c4 Bg7 3.Nc3 d6 4.Nf3 Nf6 5.e4 O-O 6.Be2 e5 7.O-O Nc6 8.d5 Ne7
9.Nd2 Ne8 10.b4 f5 11.c5 Kh8 12.a4 Ng8 13.Ba3 Ngf6 14.a5 Bh6 15.b5 Bxd2 16.Qxd2 Nxe4
17.Nxe4 fxe4 18.b6 axb6 19.axb6 Rxa3 20.Rxa3 dxc5 21.Ra8 cxb6 22.Bg4 Nd6
23.Bxc8 Nxc8 24.d6 Qd7 25.Qd5 Re8 26.Rd1 Kg7 27.Rb8 Kh6 28.Rxb7 Qa4 29.Qd2+ g5
30.h4 Rg8 31.d7 e3 32.dxc8=Q exd2 33.hxg5+ Rxg5 34.Qh3+  1-0

[Event "Moscow ol (Men)"]
[Site "Moscow"]
[Date "1994.??.??"]
[Round "9"]
[White "Lalic, Bogdan"]
[Black "Kupreichik, Viktor D"]
[Result "1/2-1/2"]
[WhiteElo "2530"]
[BlackElo "2545"]

1.c4 g6 2.d4 Nf6 3.Nc3 Bg7 4.e4 d6 5.Nf3 O-O 6.Be2 e5 7.O-O Nc6 8.d5 Ne7
9.Nd2 a5 10.a3 Bd7 11.b3 c6 12.Bb2 c5 13.Nb5 Ne8 14.b4 axb4 15.axb4 Rxa1
16.Qxa1 Bh6 17.Nb3 Bxb5 18.cxb5 cxb4 19.Qa5 b6 20.Qxb4 f5 21.exf5 Nxf5 22.Nd2 Nf6
23.Ne4 Nxe4 24.Qxe4 Qc7 25.g3 Qc5 26.Kg2 Be3 27.f4 Bxf4 28.Rxf4 Qe3 29.Rg4 Qd2
30.Bxe5 dxe5 31.Qxe5 Ne3+ 32.Kh3 Nxg4 33.Bxg4 Qh6+ 34.Kg2 Qd2+ 35.Kh3 Qh6+
36.Kg2 Qg7 37.Be6+ Kh8 38.Qe2 Qd4 39.d6 Re8 40.Qf3 Qb2+ 41.Kh1 Qg7 42.d7 Rf8
43.Qe2 Qd4 44.h4 Kg7 45.Bh3 Qd6 46.Kh2 h6 47.Qe3 h5 48.Qc3+ Kh7 49.Qe3 Rf7
50.Qe2 Re7 51.Qf2 Kg7 52.Qb2+ Kh7 53.Qf2 Kg7 54.Qb2+ Kh7 55.Qf2 Kg7 56.Qb2+  1/2-1/2

[Event "Moscow ol (Men)"]
[Site "Moscow"]
[Date "1994.??.??"]
[Round "10"]
[White "Van Wely, Loek"]
[Black "Cvitan, Ognjen"]
[Result "1-0"]
[WhiteElo "2560"]
[BlackElo "2585"]

1.d4 Nf6 2.c4 g6 3.Nc3 Bg7 4.e4 d6 5.Nf3 O-O 6.Be2 e5 7.O-O Nc6 8.d5 Ne7
9.b4 Nh5 10.g3 f5 11.Ng5 Nf6 12.f3 f4 13.Kg2 Nh5 14.c5 fxg3 15.hxg3 Nf4+
16.gxf4 exf4 17.Qe1 Nf5 18.Bxf4 Bxc3 19.Qxc3 Nh4+ 20.Kf2 Rxf4 21.Ne6 Bxe6
22.dxe6 Qe7 23.cxd6 cxd6 24.Rac1 Raf8 25.Ke1 b5 26.Qb3 R4f6 27.Rc6 Kg7 28.Kd2 h5
29.Qd5 Rxe6 30.Qxb5 Re5 31.Qc4 Qg5+ 32.Kc3 Ng2 33.Qd4 Nf4 34.Bc4 d5 35.Rg1 Qe7
36.exd5 Kh6 37.Kb3 a5 38.d6 Qf6 39.Rc5 a4+ 40.Kxa4 Ra8+ 41.Kb3 Ne6 42.Qxe5 Qxf3+
43.Kb2 Qf2+ 44.Be2  1-0

[Event "Moscow ol (Men)"]
[Site "Moscow"]
[Date "1994.??.??"]
[Round "10"]
[White "Ftacnik, Lubomir"]
[Black "Gadjilu, Rauf"]
[Result "0-1"]
[WhiteElo "2570"]
[BlackElo "2260"]

1.d4 Nf6 2.c4 g6 3.Nc3 Bg7 4.e4 d6 5.Be2 O-O 6.Nf3 e5 7.O-O Nc6 8.d5 Ne7
9.Nd2 a5 10.a3 Bd7 11.b3 c6 12.Rb1 b5 13.dxc6 b4 14.Nd5 Nxc6 15.Bb2 Be6 16.Ra1 Nd7
17.f4 exf4 18.Bxg7 Kxg7 19.Rxf4 Nc5 20.Nf1 Qg5 21.axb4 axb4 22.Rb1 Ra2 23.Nfe3 Qe5
24.Bf3 Rfa8 25.Nc2 Rb2 26.Rxb2 Qxb2 27.Nc7 Rd8 28.Be2 Nxb3 29.Rf2 Nc5 30.Bf3 Qe5
31.Ne3 b3 32.Ned5 Rb8 33.Nb5 Ra8 34.Rf1 b2 35.Qc2 Ra1 36.Nbc3 Qd4+  0-1

[Event "Moscow ol (Men)"]
[Site "Moscow"]
[Date "1994.??.??"]
[Round "12"]
[White "Gostisa, Leon"]
[Black "De Villiers, Charles"]
[Result "1-0"]
[WhiteElo "2420"]
[BlackElo "2320"]

1.d4 Nf6 2.c4 g6 3.Nc3 Bg7 4.e4 O-O 5.Nf3 d6 6.Be2 e5 7.O-O Nc6 8.d5 Ne7
9.Bg5 h6 10.Bxf6 Bxf6 11.b4 Kh7 12.c5 Ng8 13.a4 Be7 14.c6 b6 15.a5 Rb8 16.axb6 axb6
17.Ra7 Nf6 18.Nd2 Ne8 19.Qa4 f5 20.Nb5 Bg5 21.Nc4 fxe4 22.Ncxd6 Nxd6 23.Rxc7+ Kh8
24.Qa7 Bb7 25.Rd7 Nxb5 26.Bxb5 Qf6 27.Rxb7 Ra8 28.Qxb6 e3 29.f3 e2 30.Bxe2 Ra2
31.Qc7  1-0

[Event "Moscow ol (Men)"]
[Site "Moscow"]
[Date "1994.??.??"]
[Round "13"]
[White "Hjartarson, Johann"]
[Black "Yurtaev, Leonid"]
[Result "0-1"]
[WhiteElo "2585"]
[BlackElo "2530"]

1.d4 Nf6 2.c4 g6 3.Nc3 Bg7 4.e4 d6 5.Nf3 O-O 6.Be2 e5 7.O-O Nc6 8.d5 Ne7
9.Nd2 Ne8 10.b4 f5 11.f3 f4 12.c5 g5 13.Nc4 Ng6 14.a4 Rf7 15.Ba3 Bf8 16.a5 h5
17.h3 Rg7 18.b5 g4 19.fxg4 hxg4 20.Bxg4 Nh4 21.b6 axb6 22.c6 Bxg4 23.hxg4 bxc6
24.dxc6 bxa5 25.Nd5 Qg5 26.Rf2 Qxg4 27.Qxg4 Rxg4 28.Rb1 f3 29.Nce3 Rxe4 30.g3 Bh6
31.Ne7+ Kf7 32.N3d5 Rg4 33.Kh2 Ng6 34.Rxf3+ Ke6 35.Rd1 Rd8 36.Nf5 Bf8 37.Nh4 Be7
38.Nf5 Rc8 39.Kh3 Rc4 40.Nfxe7 Nxe7 41.Nxe7 Kxe7 42.Rd5 Ke6 43.Rxa5 Nf6  0-1

[Event "Moscow ol (Men)"]
[Site "Moscow"]
[Date "1994.??.??"]
[Round "13"]
[White "Murugan, Krishnamoorthy"]
[Black "Kaabi, Mejdi"]
[Result "1/2-1/2"]
[WhiteElo "2440"]
[BlackElo "2380"]

1.d4 Nf6 2.c4 g6 3.Nc3 Bg7 4.e4 d6 5.Nf3 O-O 6.Be2 e5 7.O-O Nc6 8.d5 Ne7
9.b4 Nh5 10.g3 f5 11.Ng5 Nf6 12.f3 Kh8 13.Kg2 c6 14.Bd2 h6 15.Nh3 g5 16.Nf2 cxd5
17.cxd5 f4 18.g4 h5 19.h3 Ng6 20.a4 Nh4+ 21.Kh2 Rf7 22.a5 Bf8 23.Rh1 Rh7
24.Kg1 Be7 25.Rc1 Bd7 26.Be1 Qf8 27.Bb5 Rd8 28.Bxd7 Rxd7 29.Rc2 Bd8 30.Rh2 Rc7
31.Nd3 hxg4 32.hxg4 a6 33.Na4 Qe8 34.Rxc7 Bxc7 35.Ndb2 Qb5 36.Bxh4 gxh4 37.Qe1 h3
38.Qc3 Qd7 39.Kf2 Ne8 40.Kg1 Nf6 41.Nb6 Qd8 42.N2c4 Kg8 43.Qd3 Nd7 44.Nxd7 Qxd7
45.Nb2 Qd8 46.Qf1 Qh4 47.Na4 Kg7 48.Kh1 Kg6 49.Nc3 b5 50.Ne2 Bb8 51.Ng1 Qg3
52.Ne2 Qh4 53.Ng1 Qg3 54.Ne2 Qh4  1/2-1/2

[Event "Moscow ol (Men)"]
[Site "Moscow"]
[Date "1994.??.??"]
[Round "13"]
[White "Barus, Cerdas"]
[Black "Fedorov, Alexei"]
[Result "0-1"]
[WhiteElo "2405"]
[BlackElo "2500"]

1.d4 Nf6 2.c4 g6 3.Nc3 Bg7 4.e4 d6 5.Nf3 O-O 6.Be2 e5 7.O-O Nc6 8.d5 Ne7
9.Nd2 c5 10.a3 Ne8 11.b4 b6 12.bxc5 bxc5 13.Nb3 f5 14.Bg5 h6 15.Bd2 Nf6 16.exf5 gxf5
17.f4 Ng6 18.fxe5 Nxe5 19.Rb1 Ne4 20.Be1 Qg5 21.Qc1 Nxc3 22.Bxc3 f4 23.Nd2 Bf5
24.Ra1 Rae8 25.Kh1 Rf7 26.Ra2 Nd3 27.Bxd3 Bxd3 28.Nf3 Qg6 29.Re1 Rxe1+ 30.Qxe1 Bxc4
31.Bxg7 Bxa2 32.Bb2 Qb1 33.Bc1 Bxd5 34.Qd2 c4 35.Qxd5 Qxc1+ 36.Ng1 c3 37.Qxd6 Qb1
38.Qe6 Qf5 39.Qc6 c2 40.h3 Kh7 41.Nf3 Qg6 42.Qc8 Rg7 43.Ne1 f3 44.Qxc2 Qxc2
45.Nxc2 f2 46.Ne3 Re7  0-1

[Event "Moscow ol (Men)"]
[Site "Moscow"]
[Date "1994.??.??"]
[Round "14"]
[White "Arlandi, Ennio"]
[Black "Moutousis, Konstantinos"]
[Result "0-1"]
[WhiteElo "2425"]
[BlackElo "2425"]

1.d4 Nf6 2.c4 g6 3.Nc3 Bg7 4.e4 O-O 5.Nf3 d6 6.Be2 e5 7.O-O Nc6 8.d5 Ne7
9.Nd2 a5 10.a3 Nd7 11.Rb1 f5 12.b4 axb4 13.axb4 Kh8 14.f3 c6 15.Kh1 Nf6 16.Nb3 cxd5
17.cxd5 f4 18.Qc2 g5 19.Nb5 Ne8 20.Bd2 Bd7 21.Ra1 Rb8 22.Na7 h5 23.Bb5 Ng6
24.Bxd7 Qxd7 25.Qd3 g4 26.Qb5 Qd8 27.Na5 Bf6 28.Nc4 Bh4 29.Qb6 Qe7 30.Be1 Bxe1
31.Raxe1 Rd8 32.Na5 Rd7 33.Nc8 Qg7 34.Qf2 Nf6 35.Rc1 h4 36.Nb6 Rdd8 37.h3 gxh3
38.gxh3 Nh5 39.Kh2 Ng3 40.Rg1 Rg8 41.Rc2 Nf8 42.Rgc1 Nh7 43.Rc7 Qh6 44.Rxb7 Nxe4
45.fxe4 f3 46.Rcc7 Qf4+ 47.Kh1 Nf6  0-1

[Event "Muenster op"]
[Site "Muenster"]
[Date "1994.??.??"]
[Round "2"]
[White "Hausrath, Daniel"]
[Black "Richter, Olav"]
[Result "1-0"]
[WhiteElo "2320"]
[BlackElo "2140"]

1.d4 Nf6 2.c4 g6 3.Nc3 Bg7 4.e4 d6 5.Be2 O-O 6.Nf3 e5 7.O-O Nc6 8.d5 Ne7
9.Nd2 c5 10.Rb1 Ne8 11.b4 b6 12.bxc5 bxc5 13.Nb3 f5 14.Bg5 Bf6 15.Bd2 Kg7
16.Qc1 Ng8 17.Kh1 h6 18.Qa3 Bg5 19.f4 Bxf4 20.Bxf4 exf4 21.e5 Qh4 22.exd6 Ngf6
23.Nxc5 Nxd6 24.Ne6+ Bxe6 25.Qxd6 Bf7 26.Rxf4 Qg5 27.Rbf1 Rae8 28.Qc5 Re5
29.Qxa7 Rfe8 30.Qf2 h5 31.h4 Qh6 32.d6 Re3 33.Rf3 Rxe2 34.Nxe2 Bxc4 35.d7 Rd8
36.Qc5 Bf7 37.Nd4 Qd2 38.Qe7 Qxd4 39.Qxd8 Qxh4+ 40.Rh3 Qd4 41.Qc7 Nxd7 42.Qc3 Qxc3
43.Rxc3 Nf6 44.Rc7 Nd5 45.Rb7  1-0

[Event "Muenster op"]
[Site "Muenster"]
[Date "1994.??.??"]
[Round "6"]
[White "Zagorskis, Darius"]
[Black "Beckhuis, Gernod"]
[Result "1-0"]
[WhiteElo "2485"]
[BlackElo "2265"]

1.d4 Nf6 2.c4 g6 3.Nc3 Bg7 4.e4 d6 5.Nf3 O-O 6.Be2 e5 7.O-O Nc6 8.d5 Ne7
9.b4 Nh5 10.Nd2 Nf4 11.Bf3 f5 12.a4 Bd7 13.c5 g5 14.exf5 Nxf5 15.g3 Nh3+
16.Kg2 Qc8 17.Be4 g4 18.Nb3 Rf6 19.c6 bxc6 20.dxc6 Be6 21.Nd5 Rf7 22.b5 Kh8
23.f3 gxf3+ 24.Rxf3 Qg8 25.Nxc7 Rxc7 26.Bxf5 e4 27.Bxe4 Bxa1 28.Nxa1 Ng5
29.Bxg5 Qxg5 30.Qxd6 Re7 31.Rf4 Rae8 32.Qd4+ Kg8 33.Nc2 Bb3 34.Rf5 Qg4 35.Bd5+ Bxd5+
36.Qxd5+ Kh8 37.Qd4+ Qxd4 38.Nxd4 Re4 39.Rd5 Kg8 40.a5 Re1 41.b6 axb6 42.axb6 Rb1
43.b7 Kf8 44.Rb5 Rxb5  1-0

[Event "Muenster op"]
[Site "Muenster"]
[Date "1994.??.??"]
[Round "7"]
[White "Beckhuis, Gernod"]
[Black "Howell, James C"]
[Result "0-1"]
[WhiteElo "2265"]
[BlackElo "2505"]

1.d4 Nf6 2.c4 g6 3.Nc3 Bg7 4.e4 d6 5.Nf3 O-O 6.Be2 e5 7.O-O Nc6 8.d5 Ne7
9.b4 Nh5 10.g3 f5 11.Ng5 Nf6 12.f3 c6 13.b5 c5 14.Qd3 h6 15.Ne6 Bxe6 16.dxe6 Ne8
17.Nd5 Nc7 18.Rd1 Nxe6 19.Nxe7+ Qxe7 20.Qxd6 Qf7 21.exf5 Qxf5 22.Qd5 Rad8
23.Qe4 Nd4 24.Rd2 Qxe4 25.fxe4 Nxe2+ 26.Rxe2 Rd1+ 27.Kg2 Rff1 28.Rc2 h5 29.h3 b6
30.g4 hxg4 31.hxg4 Bh6 32.Bxh6 Rxa1 33.Be3 Rfe1 34.Kf2 Red1 35.Ke2 Kf7 36.Bd2 Rg1
37.Kf3 Ke6 38.Be3 Rh1 39.Ke2 Rh4 40.Kf3 Rh3+ 41.Ke2 Rg3  0-1

[Event "Muenster-IM"]
[Site "Muenster"]
[Date "1994.??.??"]
[Round "9"]
[White "Molinaroli, Martin"]
[Black "Ahn, Martin"]
[Result "0-1"]
[WhiteElo "2295"]
[BlackElo "2245"]

1.d4 Nf6 2.Nf3 g6 3.c4 Bg7 4.Nc3 O-O 5.e4 d6 6.Be2 e5 7.O-O Nc6 8.d5 Ne7
9.Nd2 a5 10.Rb1 Nd7 11.a3 f5 12.b4 Kh8 13.f3 Ng8 14.Qc2 Ngf6 15.Nb5 b6 16.g3 Bh6
17.Rb3 Nh5 18.Rc3 Bf4 19.Rf2 axb4 20.axb4 Qg5 21.Nf1 Ndf6 22.h4 Qh6 23.gxf4 Nxf4
24.Bxf4 Qxf4 25.Nxc7 Ra1 26.Bd1 Nh5 27.Ne6 Bxe6 28.dxe6 Qxh4 29.Rh2 Qg5+
30.Rg2 Qf6 31.c5 dxc5 32.bxc5 Qxe6 33.exf5 gxf5 34.c6 Nf4 35.c7 Rc8 36.Rc6 Qe7
37.Rd2 Qg5+ 38.Kh1 Rg8 39.Rg2 Nxg2 40.c8=Q  0-1

[Event "Munich Express"]
[Site "Munich"]
[Date "1994.??.??"]
[Round "?"]
[White "Vaganian, Rafael A"]
[Black "Cvitan, Ognjen"]
[Result "1/2-1/2"]
[WhiteElo "2625"]
[BlackElo "2570"]

1.d4 Nf6 2.c4 g6 3.Nc3 Bg7 4.e4 d6 5.Nf3 O-O 6.Be2 e5 7.O-O Nc6 8.d5 Ne7
9.Ne1 Nd7 10.Nd3 f5 11.f3 f4 12.Bd2 g5 13.Rc1 h5 14.c5 Nxc5 15.Nxc5 dxc5
16.Na4 b6 17.b4 cxb4 18.Bxb4 Rf6 19.Qb3 Kh7 20.Rfd1 g4 21.Qa3 Ng6 22.Nc3 Nh4
23.Nb5 gxf3 24.Bxf3 Nxf3+ 25.gxf3 Bh3 26.Kh1 Rg6 27.Rg1 Rxg1+ 28.Rxg1 Qd7
29.Bc3 Rg8 30.Qb2 c6 31.dxc6 Qd3 32.Qf2 Qxb5 33.Qh4 Bg2+ 34.Rxg2 Qf1+ 35.Rg1 Qxf3+
36.Rg2 Qf1+ 37.Rg1  1/2-1/2

[Event "Munich SKA"]
[Site "Munich"]
[Date "1994.??.??"]
[Round "4"]
[White "Lutz, Christopher"]
[Black "Gelfand, Boris"]
[Result "1/2-1/2"]
[WhiteElo "2595"]
[BlackElo "2685"]

1.d4 Nf6 2.c4 g6 3.Nc3 Bg7 4.e4 d6 5.Nf3 O-O 6.Be2 e5 7.O-O Nc6 8.d5 Ne7
9.Ne1 Nd7 10.Be3 f5 11.f3 f4 12.Bf2 g5 13.a4 Ng6 14.a5 Rf7 15.c5 Nxc5 16.Bxc5 dxc5
17.a6 b6 18.Bc4 Bf8 19.g4 Bd6 20.Qe2 h5 21.h3 Rh7 22.Ng2 Qf6 23.Kf2 hxg4
24.hxg4 Rh2 25.Ke1 Bxg4 26.fxg4 Nh4 27.Nxf4 Rxe2+ 28.Nfxe2 Qh6 29.Kd2 Rf8
30.Nb5 Nf3+ 31.Rxf3 Rxf3 32.Nxa7 Qh7 33.Nb5 Qxe4 34.Nxd6 cxd6 35.a7 Rf8 36.a8=Q Rxa8
37.Rxa8+ Kg7 38.b3 b5 39.Ra7+ Kf8 40.Bxb5 Qxd5+ 41.Kc2 Qe4+ 42.Kb2 Qxg4 43.Ra8+ Ke7
44.Ra7+ Kd8 45.Ra6 Ke7 46.Ra7+ Kf8 47.Ra8+ Kg7 48.Ra7+ Kg6 49.Ra6 Qe6 50.Ng3 Qd5
51.Kc2 Qg2+ 52.Ne2 g4 53.Rxd6+ Kg5 54.Rd8 Qe4+ 55.Bd3 Qe3 56.Rg8+ Kh4 57.Rh8+ Kg5
58.Rg8+  1/2-1/2

[Event "Munich SKA"]
[Site "Munich"]
[Date "1994.??.??"]
[Round "11"]
[White "Van der Sterren, Paul"]
[Black "Gelfand, Boris"]
[Result "1/2-1/2"]
[WhiteElo "2605"]
[BlackElo "2685"]

1.d4 Nf6 2.c4 g6 3.Nc3 Bg7 4.e4 d6 5.Nf3 O-O 6.Be2 e5 7.O-O Nc6 8.d5 Ne7
9.Nd2 a5 10.a3 Nd7 11.Rb1 f5 12.b4 Kh8 13.f3 Ng8 14.Qc2 Ngf6 15.Bd3 f4 16.Be2 Rg8
17.Na4 Bf8 18.c5 axb4 19.axb4 Be7 20.Nc4 g5 21.b5 Rxa4 22.Qxa4 Nxc5 23.Qc2 g4
24.Ba3 g3 25.Bxc5 gxh2+ 26.Kxh2 Qf8 27.Nxe5 dxe5 28.Bxe7 Qxe7 29.Rfc1 Nh5
30.Bf1 Ng3 31.Kg1 Qh4 32.Qxc7 Ne2+ 33.Bxe2 Rxg2+ 34.Kxg2 Bh3+ 35.Kh1 Bg4+
36.Kg1 Qg3+ 37.Kh1 Qh3+  1/2-1/2

[Event "Nagykanizsa op"]
[Site "Nagykanizsa"]
[Date "1994.??.??"]
[Round "?"]
[White "Krutti, Valer"]
[Black "Boros, Daniel"]
[Result "0-1"]
[WhiteElo "2430"]
[BlackElo "2255"]

1.d4 Nf6 2.c4 g6 3.Nc3 Bg7 4.e4 d6 5.Be2 O-O 6.Nf3 e5 7.O-O Nc6 8.d5 Ne7
9.Nd2 a5 10.a3 Nd7 11.Rb1 f5 12.b4 axb4 13.axb4 Nf6 14.Qc2 f4 15.c5 g5 16.Nc4 g4
17.Bd3 Ne8 18.Rb3 Rf6 19.g3 Ng6 20.b5 dxc5 21.b6 cxb6 22.Bd2 h5 23.Rfb1 Ra6
24.Qb2 b5 25.Rxb5 h4 26.Nb6 hxg3 27.fxg3 fxg3 28.Bg5 Nf4 29.Bf1 Nd6 30.Bxf6 Bxf6
31.Nxc8 gxh2+ 32.Kxh2 Nxb5 33.Nxb5 Qxc8 34.d6 Kg7 35.Kg1 Qd7 36.Qc3 Rc6 37.Rd1 Ne6
38.Rd5 b6 39.Qg3 Nf4 40.Rd1 c4 41.Ra1 Kg6 42.Ra7 Qe6 43.Rc7 Rc5 44.Rxc5 bxc5
45.Qa3 Nh3+ 46.Kg2 c3 47.Kg3 c2 48.Bd3 Bh4+  0-1

[Event "Nagykanizsa op"]
[Site "Nagykanizsa"]
[Date "1994.??.??"]
[Round "?"]
[White "Krutti, Valer"]
[Black "Jovanovic, Sasa T"]
[Result "1-0"]
[WhiteElo "2430"]
[BlackElo "2340"]

1.d4 Nf6 2.Nf3 g6 3.c4 Bg7 4.Nc3 O-O 5.e4 d6 6.Be2 e5 7.O-O Nc6 8.d5 Ne7
9.Ne1 Nd7 10.f3 f5 11.g4 Kh8 12.Nd3 c5 13.Be3 Ng8 14.Kg2 a6 15.a3 Bh6 16.Bf2 Qc7
17.h4 fxg4 18.fxg4 Bf4 19.Bf3 Rb8 20.a4 h6 21.a5 Kg7 22.Ne2 g5 23.Ng3 Bxg3
24.Bxg3 Ne7 25.h5 Nf6 26.b4 cxb4 27.c5 Nd7 28.Rc1 dxc5 29.Nxc5 Qd6 30.Ne6+ Kg8
31.Nxf8 Kxf8 32.Bf2 b6 33.axb6 Nxb6 34.Bc5 Qd7 35.Be2+ Ke8 36.Qb3 a5 37.d6  1-0

[Event "New York Murphy-ACF2"]
[Site "New York"]
[Date "1994.??.??"]
[Round "?"]
[White "Young, Angelo"]
[Black "Zamora, Jorge"]
[Result "1-0"]
[WhiteElo "2280"]
[BlackElo "2290"]

1.Nf3 Nf6 2.c4 g6 3.Nc3 Bg7 4.e4 d6 5.d4 O-O 6.Be2 e5 7.O-O Nc6 8.d5 Ne7
9.Ne1 Nd7 10.Nd3 f5 11.a4 Nf6 12.f3 f4 13.c5 h5 14.a5 g5 15.h3 Ng6 16.Ra4 Rf7
17.a6 b6 18.cxd6 cxd6 19.Nb4 Bh6 20.Nc6 Qf8 21.Nb5 g4 22.fxg4 Rg7 23.gxh5 Nh4
24.g4 Nxh5 25.Qe1 Ng3 26.Qxg3 Bxg4 27.Bxg4 fxg3 28.Rxf8+ Rxf8 29.Bxh6 g2
30.Ra1  1-0

[Event "New York op"]
[Site "New York"]
[Date "1994.??.??"]
[Round "6"]
[White "Fang, Joseph"]
[Black "Weeramantry, Sunil"]
[Result "1-0"]
[WhiteElo "2400"]
[BlackElo "2270"]

1.d4 Nf6 2.c4 g6 3.Nc3 Bg7 4.e4 d6 5.Nf3 O-O 6.Be2 e5 7.O-O Nc6 8.d5 Ne7
9.Ne1 Nd7 10.Be3 f5 11.f3 f4 12.Bf2 g5 13.a4 Nf6 14.c5 h5 15.a5 g4 16.cxd6 cxd6
17.Nb5 Bh6 18.Bxa7 Rxa7 19.Nxa7 g3 20.Nxc8 gxh2+ 21.Kh1 Nxc8 22.Nd3 h4 23.Nf2 Nh5
24.Ng4 Bg7 25.Rf2 Ng3+ 26.Kxh2 Kf7 27.Kh3 Ne7 28.Bd3 Ng8 29.Qb3 Qe7 30.Rc2 Nf6
31.Rac1 Ne8 32.Qb6 Kg6 33.b4 Qg5 34.Rc8 Kh5 35.Qxb7 Nf6 36.Rxf8 Nxg4 37.Qf7+  1-0

[Event "New York op"]
[Site "New York"]
[Date "1994.??.??"]
[Round "7"]
[White "Colure, Thomas Sean"]
[Black "Winslow, Elliott C"]
[Result "0-1"]
[WhiteElo "2255"]
[BlackElo "2320"]

1.d4 Nf6 2.c4 g6 3.Nc3 Bg7 4.e4 d6 5.Be2 O-O 6.Nf3 e5 7.O-O Nc6 8.d5 Ne7
9.b4 Nh5 10.g3 h6 11.Nh4 Nf6 12.Be3 Nh7 13.Qd2 g5 14.Ng2 f5 15.f3 f4 16.Bf2 g4
17.gxf4 exf4 18.Bd4 Bxd4+ 19.Qxd4 Ng5 20.Nh4 g3 21.hxg3 fxg3 22.f4 Nh3+ 23.Kg2 Nxf4+
24.Kxg3 Neg6 25.Nf3 Qd7 26.Kf2 Qh3 27.Rg1 Bg4 28.Rg3 Nxe2  0-1

[Event "New York op"]
[Site "New York"]
[Date "1994.??.??"]
[Round "8"]
[White "Ehlvest, Jaan"]
[Black "Van Wely, Loek"]
[Result "1-0"]
[WhiteElo "2610"]
[BlackElo "2570"]

1.d4 Nf6 2.c4 g6 3.Nc3 Bg7 4.e4 d6 5.Be2 O-O 6.Nf3 e5 7.O-O Nc6 8.d5 Ne7
9.Ne1 Ne8 10.Nd3 f5 11.Bd2 Nf6 12.f3 Kh8 13.Rc1 c6 14.Be3 f4 15.Bf2 c5 16.b4 cxb4
17.Nxb4 b6 18.a4 g5 19.a5 Rg8 20.Ra1 bxa5 21.Nc6 Qd7 22.c5 Ng6 23.cxd6 Bf8
24.Rxa5 g4 25.fxg4 Nxg4 26.Bxg4 Qxg4 27.Qxg4 Bxg4 28.Bc5 Re8 29.Rf2 Nh4 30.Nb5 Bh3
31.Raa2 Rg5 32.Kh1 Bg4 33.h3 Bd7 34.Rxa7 Rg7 35.Nc7 Rc8 36.Nxe5 f3 37.Nxf3  1-0

[Event "New York op"]
[Site "New York"]
[Date "1994.??.??"]
[Round "9"]
[White "Manion, Josh"]
[Black "Sherzer, Alex"]
[Result "1-0"]
[WhiteElo "2280"]
[BlackElo "2465"]

1.d4 Nf6 2.c4 g6 3.Nc3 Bg7 4.e4 d6 5.Be2 O-O 6.Nf3 e5 7.O-O Nc6 8.d5 Ne7
9.b4 Nh5 10.Nd2 Nf4 11.c5 f5 12.Bf3 g5 13.exf5 Nxf5 14.g3 Nh3+ 15.Kg2 g4
16.Bxg4 Nxf2 17.Kxf2 Nh6+ 18.Bf3 Bh3 19.Kg1 Bxf1 20.Nxf1 a5 21.Ne4 axb4 22.Bg5 Qd7
23.cxd6 cxd6 24.Ne3 Ra3 25.Rb1 Rxa2 26.Rxb4 Qh3 27.Bg2 Qd7 28.Qb1 Ra7 29.h4 Kh8
30.Kh2 Ng8 31.Nc4 Nf6 32.Bxf6 Bxf6 33.Ncxd6 b6 34.Rxb6 Bxh4 35.gxh4 Qg4 36.Qe1 Rg7
37.Qg3 Qf4 38.Qxf4 exf4 39.Ng5 Rg6 40.Ndf7+ Kg7 41.Rxg6+ Kxg6 42.Be4+ Kh5
43.Kh3 h6 44.Bf3+ Kg6 45.h5+ Kf5 46.Be4+  1-0

[Event "Nice"]
[Site "Nice"]
[Date "1994.??.??"]
[Round "6"]
[White "Touzane, Olivier"]
[Black "Tasic, Branislav"]
[Result "1-0"]
[WhiteElo "2330"]
[BlackElo "2290"]

1.d4 Nf6 2.c4 g6 3.Nc3 Bg7 4.e4 d6 5.Nf3 O-O 6.Be2 e5 7.O-O Nc6 8.d5 Ne7
9.Nd2 a5 10.a3 Bd7 11.b3 Ne8 12.Rb1 c5 13.b4 axb4 14.axb4 b6 15.bxc5 bxc5
16.Nb3 f5 17.f3 Nf6 18.Bd2 Nc8 19.Ra1 Rxa1 20.Qxa1 f4 21.Qa5 Qe7 22.Qc7 h5
23.Na5 Ne8 24.Qb7 Rf7 25.Nc6 Qg5 26.Qa6 Bh3 27.Rf2 Bf8 28.Nb5 Bd7 29.Ba5 Qf6
30.Bd8 Qg7 31.Nb8 Bxb5 32.cxb5 Rb7 33.Nc6 Qd7 34.b6 Be7 35.Bxe7 Nxe7 36.Na5 Rb8
37.Bb5 Qc8 38.Qa7 Kf8 39.Bc6 Qd8 40.Rb2 Nf6  1-0

[Event "NLD-ch op"]
[Site "?"]
[Date "1994.??.??"]
[Round "?"]
[White "Huzman, Alexander"]
[Black "Blees, Albert"]
[Result "1-0"]
[WhiteElo "2575"]
[BlackElo "2420"]

1.Nf3 Nf6 2.c4 g6 3.Nc3 Bg7 4.d4 O-O 5.e4 d6 6.Be2 e5 7.O-O Nc6 8.d5 Ne7
9.Nd2 a5 10.a3 Bd7 11.b3 Nc8 12.Bb2 c5 13.dxc6 bxc6 14.b4 Ne7 15.b5 cxb5
16.cxb5 d5 17.exd5 Nexd5 18.Nde4 Nf4 19.Nxf6+ Bxf6 20.Nd5 Nxe2+ 21.Qxe2 Bg7
22.Rfd1 Re8 23.a4 Ra7 24.Rac1 Rb7 25.Qe4 Qb8 26.Qh4 Be6 27.Ba3 h6 28.Ne7+ Rbxe7
29.Bxe7 g5 30.Bxg5 hxg5 31.Qxg5 e4 32.Rc5 Qb6 33.Rc6 Qb8 34.Rcd6 Qc7 35.Rd8 Kf8
36.Rxe8+ Kxe8 37.Qxg7 Bb3 38.Qg8+ Ke7 39.Qg5+ Ke8 40.Rc1  1-0

[Event "NLD-chT9495"]
[Site "?"]
[Date "1994.??.??"]
[Round "1"]
[White "Klarenbeek, Hans"]
[Black "Nijboer, Friso"]
[Result "0-1"]
[WhiteElo "2430"]
[BlackElo "2530"]

1.Nf3 Nf6 2.c4 d6 3.d4 g6 4.Nc3 Bg7 5.e4 O-O 6.Be2 e5 7.O-O Nc6 8.d5 Ne7
9.Ne1 Ne8 10.Nd3 f5 11.Bd2 fxe4 12.Nxe4 c6 13.Bg4 Bf5 14.Bxf5 gxf5 15.Ng5 Nc7
16.dxc6 Nxc6 17.Qh5 h6 18.Nh3 Qe8 19.Qxe8 Rfxe8 20.Rfd1 Rad8 21.Nb4 Nxb4
22.Bxb4 d5 23.cxd5 Nxd5 24.Be1 e4 25.Rd2 Nb6 26.Re2 Na4 27.Rb1 Rd7 28.g3 Red8
29.b3 Nc5 30.Kg2 Ne6 31.Bb4 h5 32.Ng1 Nd4 33.Rd2 Bh6 34.Rdd1 h4 35.Bc5 Nb5
36.Rxd7 Rxd7 37.Re1 hxg3 38.hxg3 Bd2 39.Rd1 Nc3 40.Ra1 a5 41.Nh3 Rd3 42.Nf4 Bxf4
43.gxf4 Nd5 44.Bd6 e3 45.Kf3 Nc3 46.Rg1+ Kf7 47.Be5 e2+ 48.Kg2 Nxa2 49.Re1 Nc1
50.Rxc1 Rd1 51.Rc7+ Ke6 52.Bc3 Rc1 53.Rc8 Rxc3 54.Re8+ Kf6 55.Rxe2 Rxb3 56.Ra2 b6
57.f3 Rb4 58.Kg3 a4 59.Rc2 Rb5 60.Rc6+ Ke7  0-1